Marginalisation of LDCs and small vulnerable states in world trade / (Record no. 9082)
[ view plain ]
| 000 -LEADER | |
|---|---|
| fixed length control field | 01691cam a2200445 a 4500 |
| 001 - CONTROL NUMBER | |
| control field | 14477530 |
| 003 - CONTROL NUMBER IDENTIFIER | |
| control field | OSt |
| 005 - DATE AND TIME OF LATEST TRANSACTION | |
| control field | 20240708102543.0 |
| 008 - FIXED-LENGTH DATA ELEMENTS--GENERAL INFORMATION | |
| fixed length control field | 060802s2004 enka b i000 0 eng d |
| 010 ## - LIBRARY OF CONGRESS CONTROL NUMBER | |
| LC control number | 2006445234 |
| 015 ## - NATIONAL BIBLIOGRAPHY NUMBER | |
| National bibliography number | GBA558170 |
| Source | bnb |
| 016 7# - NATIONAL BIBLIOGRAPHIC AGENCY CONTROL NUMBER | |
| Record control number | 013249562 |
| Source | Uk |
| 020 ## - INTERNATIONAL STANDARD BOOK NUMBER | |
| International Standard Book Number | 0850928192 |
| 035 ## - SYSTEM CONTROL NUMBER | |
| System control number | (OCoLC)ocm60764792 |
| 040 ## - CATALOGING SOURCE | |
| Transcribing agency | must |
| 042 ## - AUTHENTICATION CODE | |
| Authentication code | lccopycat |
| 043 ## - GEOGRAPHIC AREA CODE | |
| Geographic area code | d------ |
| 050 00 - LIBRARY OF CONGRESS CALL NUMBER | |
| Classification number | HF1379 |
| Item number | .B67 2004 |
| 082 00 - DEWEY DECIMAL CLASSIFICATION NUMBER | |
| Classification number | 338.96 BOR 2004 |
| Edition number | 22 |
| 100 1# - MAIN ENTRY--PERSONAL NAME | |
| Personal name | Bora, Bijit. |
| 9 (RLIN) | 18479 |
| 245 10 - TITLE STATEMENT | |
| Title | Marginalisation of LDCs and small vulnerable states in world trade / |
| Statement of responsibility, etc. | Bijit Bora, Roman Grynberg, Mohammed A. Razzaque. |
| 260 ## - PUBLICATION, DISTRIBUTION, ETC. (IMPRINT) | |
| Place of publication, distribution, etc. | London : |
| Name of publisher, distributor, etc. | Commonwealth Secretariat, |
| Date of publication, distribution, etc. | c2004. |
| 300 ## - PHYSICAL DESCRIPTION | |
| Extent | xii, 114 p. : |
| Other physical details | ill. ; |
| Dimensions | 26 cm. |
| 490 1# - SERIES STATEMENT | |
| Series statement | Economic paper / Commonwealth Secretariat ; |
| Volume/sequential designation | 71 |
| 504 ## - BIBLIOGRAPHY, ETC. NOTE | |
| Bibliography, etc | Includes bibliographical references (p. 111-114). |
| 650 #0 - SUBJECT ADDED ENTRY--TOPICAL TERM | |
| Topical term or geographic name as entry element | International trade. |
| 9 (RLIN) | 1473 |
| 650 #0 - SUBJECT ADDED ENTRY--TOPICAL TERM | |
| Topical term or geographic name as entry element | Comparative advantage (International trade) |
| 9 (RLIN) | 18480 |
| 650 #0 - SUBJECT ADDED ENTRY--TOPICAL TERM | |
| Topical term or geographic name as entry element | Free trade |
| Geographic subdivision | Developing countries. |
| 9 (RLIN) | 17804 |
| 650 #0 - SUBJECT ADDED ENTRY--TOPICAL TERM | |
| Topical term or geographic name as entry element | International division of labor. |
| 9 (RLIN) | 18481 |
| 650 #0 - SUBJECT ADDED ENTRY--TOPICAL TERM | |
| Topical term or geographic name as entry element | States, Small. |
| 9 (RLIN) | 18482 |
| 651 #0 - SUBJECT ADDED ENTRY--GEOGRAPHIC NAME | |
| Geographic name | Developing countries |
| General subdivision | Commerce. |
| 9 (RLIN) | 17805 |
| 700 1# - ADDED ENTRY--PERSONAL NAME | |
| Personal name | Grynberg, Roman. |
| 9 (RLIN) | 18483 |
| 700 1# - ADDED ENTRY--PERSONAL NAME | |
| Personal name | Razzaque, Mohammed A. |
| 9 (RLIN) | 18484 |
| 710 2# - ADDED ENTRY--CORPORATE NAME | |
| Corporate name or jurisdiction name as entry element | Commonwealth Secretariat. |
| 9 (RLIN) | 7533 |
| 830 #0 - SERIES ADDED ENTRY--UNIFORM TITLE | |
| Uniform title | Economic paper (Commonwealth Secretariat) ; |
| Volume number/sequential designation | 71. |
| 9 (RLIN) | 18485 |
| 856 41 - ELECTRONIC LOCATION AND ACCESS | |
| Materials specified | Table of contents only |
| Uniform Resource Identifier | <a href="http://www.loc.gov/catdir/toc/fy0701/2006445234.html">http://www.loc.gov/catdir/toc/fy0701/2006445234.html</a> |
| 906 ## - LOCAL DATA ELEMENT F, LDF (RLIN) | |
| a | 7 |
| b | cbc |
| c | copycat |
| d | 2 |
| e | ncip |
| f | 20 |
| g | y-gencatlg |
| 942 ## - ADDED ENTRY ELEMENTS (KOHA) | |
| Source of classification or shelving scheme | Dewey Decimal Classification |
| Koha item type | Open Shelf |
| Withdrawn status | Lost status | Source of classification or shelving scheme | Damaged status | Not for loan | Home library | Current library | Date acquired | Source of acquisition | Inventory number | Total Checkouts | Full call number | Barcode | Date last seen | Price effective from | Koha item type |
|---|---|---|---|---|---|---|---|---|---|---|---|---|---|---|---|
| Dewey Decimal Classification | MUST Main Library | MUST Main Library | 08/07/2024 | purchase | 08/30892 | 338.96 BOR 2004 | 2024-21801 | 08/07/2024 | 08/07/2024 | Open Shelf |
